000 00387nam a2200157Ia 4500
008 230917s9999||||xx |||||||||||||| ||und||
020 _cPOU2.35
040 _e15928
_aMAIN
041 _aEnglish
082 _a320.9 B232P
100 _aBarbrook, Alec
245 0 _aPatterns of political behaviour
260 _aLondon
_bMartin Robertson
_c1975
300 _avii, 209 p.
942 _cBK
999 _c142583
_d142583